000 00354pab a2200157 454500
008 180718b2000 xxu||||| |||| 00| 0 eng d
100 _aMittal, R.K.
245 _aImproving financial performance of RRBs
260 _c2000
300 _ap.10-12
362 _aMar
650 _aBanks - India
650 _aBanks
773 _aYojana
909 _a43935
999 _c43935
_d43935